[Event "Klaipeda Sea op-B 19th"]
[Site "Klaipeda"]
[Date "2022.07.27"]
[Round "3"]
[White "Ivanauskas, Matas"]
[Black "Bosikis, Titas"]
[Result "1/2-1/2"]
[WhiteElo "1081"]
[BlackElo "1480"]
[PlyCount "45"]
[EventDate "2022.07.26"]
[EventType "swiss"]
[EventRounds "7"]
[EventCountry "LTU"]
[SourceTitle "CBM 209 Extra"]
[Source "ChessBase"]
[SourceDate "2022.09.30"]
[SourceVersion "1"]
[SourceVersionDate "2022.09.30"]
[SourceQuality "1"]

1. e4 e5 2. Nf3 Nf6 3. Nxe5 d6 4. Nf3 Nxe4 5. Nc3 Nxc3 6. dxc3 Be7 7. Bf4 0-0 8. Qd2 Be6 9. Bd3 Nc6 10. 0-0-0 a5 11. a3 Rb8 12. h4 b5 13. Ng5 h6 14. Qe2 Bc4 15. Qe4 Bxd3 16. Rxd3 hxg5 17. hxg5 g6 18. Rdh3 Bxg5 19. Rh8+ Kg7 20. R8h7+ Kg8 21. Rh8+ Kg7 22. R8h7+ Kg8 23. Rh8+ 1/2-1/2

[Event "Klaipeda Sea op-B 19th"]
[Site "Klaipeda"]
[Date "2022.07.26"]
[Round "2"]
[White "Bosikis, Titas"]
[Black "Burdin, Oleg"]
[Result "1/2-1/2"]
[WhiteElo "1480"]
[BlackElo "1193"]
[PlyCount "134"]
[EventDate "2022.07.26"]
[EventType "swiss"]
[EventRounds "7"]
[EventCountry "LTU"]
[SourceTitle "CBM 209 Extra"]
[Source "ChessBase"]
[SourceDate "2022.09.30"]
[SourceVersion "1"]
[SourceVersionDate "2022.09.30"]
[SourceQuality "1"]

1. e4 e5 2. Nf3 Nc6 3. Bc4 Be7 4. d4 exd4 5. Nxd4 d6 6. Nxc6 bxc6 7. Nc3 Nf6 8. 0-0 0-0 9. Re1 Be6 10. Bb3 Bxb3 11. axb3 d5 12. e5 Nd7 13. Qd4 Bc5 14. Qa4 Qe7 15. Bf4 g5 16. Bg3 Qe6 17. Ne2 f5 18. h4 f4 19. Bh2 h6 20. Nd4 Bxd4 21. Qxd4 Nb6 22. Rad1 Rae8 23. hxg5 hxg5 24. Rd3 Rf5 25. Rh3 Rxe5 26. Rf1 Qf6 27. g3 Rf5 28. Qd3 fxg3 29. Bxg3 Re7 30. Qd2 c5 31. Kg2 Qxb2 32. Rfh1 c4 33. Rh5 Qg7 34. bxc4 Nxc4 35. Qd3 Ref7 36. Rb1 Nb6 37. Re1 Rf8 38. Reh1 c5 39. Qe3 d4 40. Qe6+ R5f7 41. Rh8+ Qxh8 42. Rxh8+ Kxh8 43. Qh6+ Kg8 44. Qg6+ Rg7 45. Qe6+ Kh7 46. Bd6 Rff7 47. Be5 Re7 48. Qh3+ Kg8 49. Bxg7 Rxg7 50. Qe6+ Kh8 51. Qe8+ Kh7 52. Kg3 g4 53. Kh4 Nd7 54. Qe4+ Kh6 55. Qe6+ Kh7 56. Kh5 Kh8 57. Qe8+ Kh7 58. Qe4+ Kh8 59. Kh6 Nf6 60. Qa8+ Ng8+ 61. Kh5 Kh7 62. Qe4+ Kh8 63. Qe5 Kh7 64. Qxc5 Nf6+ 65. Kh4 Rd7 66. Qf5+ Kg7 67. Qg5+ Kf7 1/2-1/2

[Event "Plunge op-B 41st"]
[Site "Plateliai"]
[Date "2022.07.20"]
[Round "4"]
[White "Jasas, Ignas"]
[Black "Bosikis, Titas"]
[Result "0-1"]
[WhiteElo "1250"]
[BlackElo "1480"]
[PlyCount "84"]
[EventDate "2022.07.18"]
[EventType "swiss"]
[EventRounds "9"]
[EventCountry "LTU"]
[SourceTitle "CBM 209 Extra"]
[Source "ChessBase"]
[SourceDate "2022.09.30"]
[SourceVersion "1"]
[SourceVersionDate "2022.09.30"]
[SourceQuality "1"]

1. e4 e5 2. Nf3 Nf6 3. d4 exd4 4. e5 Ne4 5. Qxd4 d5 6. exd6 Nxd6 7. Nc3 Nc6 8. Qf4 g6 9. Bb5 Bg7 10. 0-0 0-0 11. Bxc6 bxc6 12. Ne5 Re8 13. Nxc6 Qd7 14. Nb4 Bb7 15. Rd1 Be5 16. Qh4 Bxc3 17. bxc3 Nf5 18. Qg4 h5 19. Be3 Qe7 20. Qg5 Nxe3 21. Qxe7 Rxe7 22. fxe3 Rxe3 23. Rd3 Re2 24. Rg3 a5 25. Nd3 Rxc2 26. Nc5 Bc6 27. a4 Rb8 28. Kh1 Rbb2 29. Rg1 Ra2 30. Nb3 Rxa4 31. Nd4 Rxd4 32. cxd4 a4 33. Rd3 Bd5 34. h4 Rc4 35. Kh2 Kf8 36. Kh3 Ke7 37. Re1+ Kd6 38. Re5 Rb4 39. Kg3 Rb3 40. Rxb3 axb3 41. Kf2 b2 42. Re1 Ba2 0-1

[Event "LTU-ch U16"]
[Site "Kaunas"]
[Date "2022.02.19"]
[Round "7"]
[White "Bosikis, Titas"]
[Black "Balciunas, Kernius"]
[Result "1-0"]
[WhiteElo "1391"]
[BlackElo "1054"]
[PlyCount "71"]
[EventDate "2022.02.16"]
[EventType "swiss"]
[EventRounds "8"]
[EventCountry "LTU"]
[SourceTitle "CBM 207 Extra"]
[Source "ChessBase"]
[SourceDate "2022.05.31"]
[SourceVersion "1"]
[SourceVersionDate "2022.05.31"]
[SourceQuality "1"]

1. e4 e5 2. Nf3 Nc6 3. Bc4 Bc5 4. c3 Nf6 5. d4 exd4 6. e5 Ng4 7. Bxf7+ Kf8 8. Bb3 Ncxe5 9. Nxe5 Nxe5 10. cxd4 Bb4+ 11. Nc3 Nf7 12. 0-0 Bxc3 13. bxc3 d5 14. Qf3 c6 15. c4 Be6 16. Ba3+ Kg8 17. cxd5 Bxd5 18. Bxd5 Qxd5 19. Qxd5 cxd5 20. Rfe1 g6 21. Re7 b6 22. Rc1 h6 23. Rc6 Rh7 24. Rxg6+ Rg7 25. Rge6 b5 26. Rb7 a6 27. Ree7 Rc8 28. Bc5 Rc6 29. g3 Rf6 30. Kf1 Rg5 31. Re8+ Kg7 32. Bf8+ Kg6 33. Be7 Re6 34. Rg8+ Kf5 35. Bxg5 hxg5 36. Rxf7+ 1-0

[Event "LTU-ch U16"]
[Site "Kaunas"]
[Date "2022.02.19"]
[Round "6"]
[White "Praspaliauskas, Matas"]
[Black "Bosikis, Titas"]
[Result "1/2-1/2"]
[WhiteElo "1372"]
[BlackElo "1391"]
[PlyCount "81"]
[EventDate "2022.02.16"]
[EventType "swiss"]
[EventRounds "8"]
[EventCountry "LTU"]
[SourceTitle "CBM 207 Extra"]
[Source "ChessBase"]
[SourceDate "2022.05.31"]
[SourceVersion "1"]
[SourceVersionDate "2022.05.31"]
[SourceQuality "1"]

1. e4 e5 2. Nf3 Nf6 3. Nc3 Nc6 4. d4 exd4 5. Nxd4 Bb4 6. Nxc6 bxc6 7. Bd3 d5 8. exd5 cxd5 9. 0-0 0-0 10. Bg5 c6 11. Qf3 Be7 12. h3 h6 13. Bh4 Rb8 14. Rab1 Be6 15. Ne2 Ne8 16. Bxe7 Qxe7 17. Nd4 Qd7 18. Rfe1 Nc7 19. Qg3 c5 20. Nxe6 Nxe6 21. Bf5 Rb6 22. Qg4 Re8 23. Re3 Qd8 24. Rbe1 Nc7 25. Qf4 Rxe3 26. Rxe3 Ne6 27. Qe5 Qd6 28. Qxd6 Rxd6 29. Bxe6 fxe6 30. Rb3 Rb6 31. Rxb6 axb6 32. c3 c4 33. f4 Kf7 34. Kf2 Kf6 35. Ke3 e5 36. fxe5+ Kxe5 37. g3 g6 38. g4 g5 39. b3 cxb3 40. axb3 Ke6 41. Kd4 1/2-1/2

[Event "LTU-ch sf"]
[Site "Kaunas"]
[Date "2021.09.28"]
[Round "7"]
[White "Bosikis, Titas"]
[Black "Grybas, Gintaras"]
[Result "0-1"]
[WhiteElo "1373"]
[BlackElo "2007"]
[PlyCount "56"]
[EventDate "2021.09.24"]
[EventType "swiss"]
[EventRounds "8"]
[EventCountry "LTU"]
[SourceTitle "EXT 2023"]
[Source "ChessBase"]
[SourceDate "2022.10.05"]
[SourceVersion "1"]
[SourceVersionDate "2022.10.05"]
[SourceQuality "1"]

1. e4 c6 2. d4 d5 3. Nc3 h6 4. Nf3 Bg4 5. e5 e6 6. Be2 c5 7. Be3 Ne7 8. 0-0 Nbc6 9. h3 Bxf3 10. Bxf3 cxd4 11. Bxd4 Nf5 12. Ne2 Nfxd4 13. Nxd4 Nxe5 14. Be2 Qb6 15. Bb5+ Nc6 16. Bxc6+ bxc6 17. Re1 Bc5 18. Rxe6+ fxe6 19. Qh5+ Ke7 20. Nf3 Bxf2+ 21. Kh1 Bd4 22. Re1 Bf6 23. Qg4 c5 24. Ne5 Bxe5 25. Rxe5 Rhg8 26. Qh4+ Kd7 27. Qg4 Qd6 28. Qa4+ Qc6 0-1

[Event "Klaipeda Rumiancev Memorial-B"]
[Site "Klaipeda"]
[Date "2021.07.23"]
[Round "7"]
[White "Bosikis, Titas"]
[Black "Chacatrian, Ruben"]
[Result "1-0"]
[WhiteElo "1344"]
[BlackElo "1159"]
[PlyCount "47"]
[EventDate "2021.07.20"]
[EventType "swiss"]
[EventRounds "7"]
[EventCountry "LTU"]
[SourceTitle "EXT 2022"]
[Source "ChessBase"]
[SourceDate "2021.10.06"]
[SourceVersion "1"]
[SourceVersionDate "2021.10.06"]
[SourceQuality "1"]

1. e4 e5 2. Nf3 Nc6 3. Bc4 Bc5 4. c3 Nf6 5. d4 exd4 6. e5 Ng8 7. cxd4 Bb4+ 8. Bd2 Bxd2+ 9. Qxd2 Nge7 10. 0-0 d6 11. exd6 Qxd6 12. d5 Ne5 13. Nxe5 Qxe5 14. Re1 Qf6 15. Bb5+ Bd7 16. Bxd7+ Kxd7 17. Nc3 Kc8 18. Rac1 Rd8 19. Ne4 Qf5 20. Nd6+ Rxd6 21. Rxe7 Kd8 22. Qe3 Kc8 23. Rexc7+ Kb8 24. Qe4 1-0

[Event "Klaipeda Rumiancev Memorial-B"]
[Site "Klaipeda"]
[Date "2021.07.21"]
[Round "4"]
[White "Pidluznij, Matvej"]
[Black "Bosikis, Titas"]
[Result "0-1"]
[WhiteElo "1365"]
[BlackElo "1344"]
[PlyCount "84"]
[EventDate "2021.07.20"]
[EventType "swiss"]
[EventRounds "7"]
[EventCountry "LTU"]
[SourceTitle "EXT 2022"]
[Source "ChessBase"]
[SourceDate "2021.10.06"]
[SourceVersion "1"]
[SourceVersionDate "2021.10.06"]
[SourceQuality "1"]

1. e4 e5 2. Nf3 Nf6 3. Nc3 Nc6 4. Bc4 Bc5 5. d3 d6 6. Bg5 h6 7. Be3 Bb6 8. d4 Bg4 9. d5 Nd4 10. Be2 Nxe2 11. Qxe2 Ba5 12. Bd2 0-0 13. 0-0 c6 14. dxc6 bxc6 15. h3 Bh5 16. g4 Bg6 17. Rfd1 Bxc3 18. Bxc3 Qc7 19. Nd2 Rfe8 20. f3 d5 21. Rac1 Qb6+ 22. Kg2 d4 23. Nc4 Qb5 24. Be1 h5 25. Qf1 hxg4 26. hxg4 Qc5 27. Bf2 Re6 28. c3 Rd8 29. cxd4 exd4 30. Qg1 Qg5 31. Rxd4 Rxd4 32. Bxd4 Nxg4 33. fxg4 Rxe4 34. Kh3 Qh6+ 35. Kg3 Qf4+ 36. Kh3 Rxd4 37. Na3 Rd3+ 38. Kg2 Rg3+ 39. Kh1 Rxg1+ 40. Rxg1 Be4+ 41. Rg2 Qf1+ 42. Kh2 Qxg2# 0-1

[Event "LTU-ch Amateurs"]
[Site "Kaunas"]
[Date "2020.08.28"]
[Round "3"]
[White "Remeikaite, Rugile"]
[Black "Bosikis, Titas"]
[Result "0-1"]
[WhiteElo "1058"]
[BlackElo "1318"]
[PlyCount "96"]
[EventDate "2020.08.27"]
[EventType "swiss"]
[EventRounds "7"]
[EventCountry "LTU"]
[SourceTitle "EXT 2022"]
[Source "ChessBase"]
[SourceDate "2021.10.06"]
[SourceVersion "1"]
[SourceVersionDate "2021.10.06"]
[SourceQuality "1"]

1. e4 e5 2. Nf3 Nf6 3. Nc3 Nc6 4. d3 Bc5 5. Bg5 h6 6. Bh4 g5 7. Bg3 d6 8. Be2 Be6 9. a3 Qd7 10. Na4 Bb6 11. Qd2 Nd4 12. Nxb6 Nxf3+ 13. Bxf3 axb6 14. d4 g4 15. Be2 Nxe4 16. Qe3 Nxg3 17. fxg3 exd4 18. Qxd4 0-0-0 19. 0-0 h5 20. a4 Qc6 21. a5 Qc5 22. Qxc5 dxc5 23. b3 bxa5 24. Rxa5 b6 25. Ra3 Kb7 26. Bd3 Ra8 27. Rfa1 Rxa3 28. Rxa3 c6 29. Ba6+ Kc7 30. Bd3 Rh6 31. Ra4 Rf6 32. c3 Bxb3 33. Ra7+ Kb8 34. Re7 b5 35. Re5 c4 36. Be4 Re6 37. Rxe6 fxe6 38. Bxc6 b4 39. Kf1 bxc3 40. Ke1 e5 41. Be8 Kc7 42. Bxh5 Kd6 43. Bxg4 Kd5 44. h4 Kd4 45. h5 Ke3 46. h6 c2 47. h7 c1Q+ 48. Bd1 Qxd1# 0-1

[Event "Klaipeda Sea op-B 17th"]
[Site "Klaipeda"]
[Date "2020.07.24"]
[Round "7"]
[White "Bosikis, Titas"]
[Black "Spevak, Dovydas"]
[Result "1/2-1/2"]
[WhiteElo "1318"]
[BlackElo "1153"]
[PlyCount "39"]
[EventDate "2020.07.21"]
[EventType "swiss"]
[EventRounds "7"]
[EventCountry "LTU"]
[SourceTitle "CBM 197 Extra"]
[Source "ChessBase"]
[SourceDate "2020.09.30"]
[SourceVersion "1"]
[SourceVersionDate "2020.09.30"]
[SourceQuality "1"]

1. e4 e5 2. Nf3 Nc6 3. Bc4 Bc5 4. c3 Nf6 5. d4 exd4 6. e5 d5 7. Bb5 Ne4 8. cxd4 Bb6 9. Nc3 Bg4 10. h3 Bxf3 11. Qxf3 Nxc3 12. bxc3 0-0 13. Bxc6 bxc6 14. 0-0 Qd7 15. Ba3 Rfe8 16. Qh5 Qe6 17. f4 f6 18. f5 Qxe5 19. Rae1 Qxe1 20. Rxe1 1/2-1/2

[Event "Klaipeda Sea op-B 17th"]
[Site "Klaipeda"]
[Date "2020.07.23"]
[Round "5"]
[White "Bosikis, Titas"]
[Black "Kipluka, Anna Krista"]
[Result "1-0"]
[WhiteElo "1318"]
[BlackElo "1383"]
[PlyCount "99"]
[EventDate "2020.07.21"]
[EventType "swiss"]
[EventRounds "7"]
[EventCountry "LTU"]
[SourceTitle "CBM 197 Extra"]
[Source "ChessBase"]
[SourceDate "2020.09.30"]
[SourceVersion "1"]
[SourceVersionDate "2020.09.30"]
[SourceQuality "1"]

1. e4 c6 2. d4 d5 3. Nc3 dxe4 4. Nxe4 h6 5. Nf3 Bf5 6. Ng3 Bh7 7. Bd3 Bxd3 8. Qxd3 Nf6 9. 0-0 e6 10. c4 Bd6 11. Rd1 Nbd7 12. Be3 0-0 13. Qc2 Qc7 14. Rac1 Rac8 15. Qb3 c5 16. Ne2 Ng4 17. h3 Nxe3 18. Qxe3 Nf6 19. a3 Rfd8 20. Qc3 cxd4 21. Nexd4 Bc5 22. b4 Bxd4 23. Rxd4 Rxd4 24. Nxd4 a6 25. Qd3 Rd8 26. Rd1 e5 27. Qe3 exd4 28. Rxd4 Rxd4 29. Qxd4 Qd7 30. Qb6 Ne4 31. a4 Qd1+ 32. Kh2 Qd6+ 33. Qxd6 Nxd6 34. c5 Nc4 35. Kg3 Kf8 36. Kf4 Ke7 37. Ke4 Ke6 38. Kd4 Ne5 39. f4 Nc6+ 40. Kc4 Kf5 41. b5 axb5+ 42. Kxb5 Ke6 43. Kb6 Kd5 44. g4 g6 45. h4 Nb4 46. a5 Nd3 47. c6 bxc6 48. a6 Nc5 49. a7 Nd7+ 50. Kc7 1-0

[Event "Klaipeda Sea op-B 17th"]
[Site "Klaipeda"]
[Date "2020.07.23"]
[Round "6"]
[White "Ullrich, Karol"]
[Black "Bosikis, Titas"]
[Result "1-0"]
[WhiteElo "1404"]
[BlackElo "1318"]
[PlyCount "77"]
[EventDate "2020.07.21"]
[EventType "swiss"]
[EventRounds "7"]
[EventCountry "LTU"]
[SourceTitle "CBM 197 Extra"]
[Source "ChessBase"]
[SourceDate "2020.09.30"]
[SourceVersion "1"]
[SourceVersionDate "2020.09.30"]
[SourceQuality "1"]

1. e4 e5 2. Nf3 Nc6 3. Bb5 g6 4. 0-0 Bg7 5. c3 d6 6. d4 Bd7 7. Bg5 Nge7 8. d5 Nb8 9. Bxd7+ Nxd7 10. c4 0-0 11. Qd2 Nc5 12. Nc3 a5 13. Bh6 f5 14. Bxg7 Kxg7 15. Ng5 h6 16. Ne6+ Nxe6 17. dxe6 Rf6 18. exf5 Nxf5 19. f4 Rxe6 20. g4 Nd4 21. fxe5 dxe5 22. Qf2 Qe7 23. Nd5 Qd7 24. Rad1 Rae8 25. Nf6 Qe7 26. Nxe8+ Qxe8 27. Rde1 Qe7 28. Qg2 e4 29. Kh1 e3 30. Qd5 Nc2 31. Re2 Rd6 32. Qf3 Rd2 33. Rxd2 exd2 34. Qc3+ Kg8 35. Qxc2 Qe1 36. Qxg6+ Kh8 37. Qxh6+ Kg8 38. Qf8+ Kh7 39. Qf3 1-0

[Event "Plunge op-B 38th"]
[Site "Plateliai"]
[Date "2018.07.22"]
[Round "9"]
[White "Koliasnikovas, Denis"]
[Black "Bosikis, Titas"]
[Result "1-0"]
[WhiteElo "1305"]
[BlackElo "1244"]
[PlyCount "76"]
[EventDate "2018.07.16"]
[EventType "swiss"]
[EventRounds "9"]
[EventCountry "LTU"]
[SourceTitle "EXT 2019"]
[Source "ChessBase"]
[SourceDate "2018.10.10"]
[SourceVersion "1"]
[SourceVersionDate "2018.10.10"]
[SourceQuality "1"]

1. e4 e5 2. Nf3 Nc6 3. d4 exd4 4. Nxd4 Qh4 5. Nb5 Qxe4+ 6. Be2 Kd8 7. 0-0 Qg6 8. Bh5 Qf6 9. N1c3 Nge7 10. Nd5 Nxd5 11. Qxd5 Qe6 12. Bxf7 Qxd5 13. Bxd5 a6 14. Nc3 Nd4 15. Be4 c6 16. Bd3 Ne6 17. Bf5 d5 18. Na4 Nc7 19. Bxc8 Rxc8 20. Nb6 Rb8 21. Rd1 h6 22. c4 Ke8 23. Bf4 Kd8 24. cxd5 c5 25. d6 Ne6 26. Be5 Rg8 27. d7 Nc7 28. Nd5 Nxd5 29. Rxd5 Ra8 30. Bc3 b6 31. Re1 Be7 32. Rde5 Ra7 33. Rxe7 Rxd7 34. Rxd7+ Kxd7 35. g3 b5 36. b3 b4 37. Bd2 Kc6 38. Re6+ Kb5 1-0

[Event "Plunge op-B 38th"]
[Site "Plateliai"]
[Date "2018.07.21"]
[Round "8"]
[White "Bosikis, Titas"]
[Black "Saunorius, Tomas"]
[Result "1-0"]
[WhiteElo "1244"]
[BlackElo "1137"]
[PlyCount "63"]
[EventDate "2018.07.16"]
[EventType "swiss"]
[EventRounds "9"]
[EventCountry "LTU"]
[SourceTitle "EXT 2019"]
[Source "ChessBase"]
[SourceDate "2018.10.10"]
[SourceVersion "1"]
[SourceVersionDate "2018.10.10"]
[SourceQuality "1"]

1. e4 c5 2. Nf3 d6 3. d4 cxd4 4. Nxd4 Nf6 5. Nc3 a6 6. Be3 e5 7. Nb3 Be7 8. Be2 Be6 9. Qd2 Nc6 10. 0-0 0-0 11. Rad1 Qd7 12. f3 Rfd8 13. Nd5 Bxd5 14. exd5 Na7 15. Bd3 Qc7 16. Qf2 b5 17. Bb6 Qb7 18. Bxd8 Bxd8 19. Qe2 Rc8 20. Kh1 Kh8 21. Be4 Qc7 22. Bf5 Rb8 23. c3 g6 24. Be4 Qc4 25. Qxc4 bxc4 26. Nd2 Rxb2 27. Nxc4 Rxa2 28. Rb1 Kg7 29. Nxd6 Ba5 30. Rb7 Nb5 31. Rxf7+ Kh6 32. Rxf6 1-0

[Event "Plunge op-B 38th"]
[Site "Plateliai"]
[Date "2018.07.18"]
[Round "4"]
[White "Vaiciunas, Giedrius"]
[Black "Bosikis, Titas"]
[Result "1-0"]
[WhiteElo "1039"]
[BlackElo "1244"]
[PlyCount "68"]
[EventDate "2018.07.16"]
[EventType "swiss"]
[EventRounds "9"]
[EventCountry "LTU"]
[SourceTitle "EXT 2019"]
[Source "ChessBase"]
[SourceDate "2018.10.10"]
[SourceVersion "1"]
[SourceVersionDate "2018.10.10"]
[SourceQuality "1"]

1. e4 e5 2. Nf3 Nc6 3. Bb5 g6 4. Nc3 Bg7 5. 0-0 a6 6. Bxc6 dxc6 7. d3 Ne7 8. Be3 0-0 9. h3 h6 10. a3 Be6 11. d4 exd4 12. Nxd4 Bc4 13. Re1 Qc8 14. e5 Rd8 15. Qf3 Bd5 16. Nxd5 Nxd5 17. c3 Nxe3 18. Rxe3 Re8 19. Rae1 Qd7 20. e6 fxe6 21. Nxe6 Re7 22. Rd1 Qe8 23. Nxc7 Rxe3 24. fxe3 Qc8 25. Nxa8 Qxa8 26. Rd7 Qe8 27. Rxb7 Kh7 28. Kh2 Kg8 29. Qg3 Qe6 30. Rb8+ Kh7 31. Rb7 Kg8 32. Qf4 Kh8 33. Qc7 Qf6 34. Qf7 Qe5+ 1-0

[Event "LTU-chT"]
[Site "Lithuania"]
[Date "2018.03.24"]
[Round "4.4"]
[White "Bosikis, Titas"]
[Black "Maciuitis, Ignas"]
[Result "0-1"]
[WhiteElo "1264"]
[BlackElo "1706"]
[PlyCount "56"]
[EventDate "2018.01.27"]
[EventType "team-swiss"]
[EventRounds "7"]
[EventCountry "LTU"]
[SourceTitle "EXT 2019"]
[Source "ChessBase"]
[SourceDate "2018.10.10"]
[SourceVersion "1"]
[SourceVersionDate "2018.10.10"]
[SourceQuality "1"]
[WhiteTeam "Kaunas Mirazas"]
[BlackTeam "Plunge Bokstas"]
[WhiteTeamCountry "LTU"]
[BlackTeamCountry "LTU"]

1. e4 b6 2. d4 Bb7 3. Nc3 Nf6 4. e5 Nd5 5. Nxd5 Bxd5 6. c4 Bb7 7. d5 g6 8. Nf3 Bg7 9. Be3 0-0 10. Qd2 e6 11. h4 h5 12. Bg5 Qe8 13. d6 cxd6 14. exd6 f6 15. Bh6 Na6 16. Rh3 Nc5 17. Bxg7 Kxg7 18. b4 Ne4 19. Qc2 Nxd6 20. Bd3 Nf5 21. Kf1 Rc8 22. Re1 Qf7 23. Bxf5 exf5 24. Qd3 Be4 25. Qa3 Qxc4+ 26. Kg1 Qc6 27. Rd1 Rc7 28. b5 Qc5 0-1